000 01028cam a2200289 a 4500
999 _c10108
_d10108
001 17196842
003 GZU
005 20211014114552.0
008 120306s2012 mauab b 001 0 eng
010 _a 2012382048
020 _a9780205181018 (pbk.)
020 _a0205181015 (pbk.)
040 _aDLC
_cDLC
042 _apcc
050 0 0 _aHM586
_b.THO 2012
100 1 _aThompson, William E.
_q(William Edwin),
_d1950-
_eauthor
245 1 0 _aSociety in focus :
_ban introduction to sociology /
_cWilliam E. Thompson, Joseph V. Hickey.
250 _a7th ed., Census update.
260 _aBoston :
_bAllyn & Bacon,
_cc2012.
300 _axxii, 650 pages. :
_bill. (chiefly col.), col. maps ;
_c28 cm.
504 _aIncludes bibliographical references (p. 608-634) and indexes.
650 0 _aSociology.
700 1 _aHickey, Joseph V.
_eauthor
906 _a7
_bcbc
_corigcop
_d3
_eocip
_f20
_gy-gencatlg
942 _2lcc
_cBK
_eSeventh edition
_h586
_iTHO
_kHM